000 00275nam a2200121 a 4500
008 101209s1953|||| d
245 1 0 _aO umení
100 1 _aČernyševskij, N. G.
260 _bSVPL
_aBratislava
_c1953
020 _c31,60
044 _axo
_cSK
041 _aslo
999 _c14987
_d14987